[Event "86th YMCA Winter-A"]
[Site "Warszawa"]
[Date "2011.01.06"]
[Round "1"]
[White "Kasperkiewicz, Pawel"]
[Black "Michniewski, Tomasz"]
[Result "0-1"]
[WhiteElo "2128"]
[BlackElo "2166"]
[PlyCount "58"]
[EventDate "2011.01.06"]
[EventType "tourn"]
[EventRounds "1"]
[EventCountry "POL"]
[SourceDate "2011.01.06"]

1. e4 c5 2. c3 e6 3. d4 cxd4 4. cxd4 d5 5. Nc3 dxe4 6. Nxe4 Nf6 7. Nxf6+ Qxf6
8. Nf3 Bb4+ 9. Bd2 Bxd2+ 10. Qxd2 O-O 11. Bc4 Nc6 12. O-O b6 13. d5 Na5 14. Bb5
exd5 15. Qxd5 Bb7 16. Qg5 Qg6 17. Qg3 Rac8 18. Rac1 Qh5 19. Bd7 Rxc1 20. Rxc1
Qd5 21. Qh3 Rd8 22. Re1 h6 23. Bf5 Qxa2 24. Ne5 Qxb2 25. Qh5 Bd5 26. Bd3 Be6
27. Qh4 Qd4 28. Re4 Qa1+ 29. Bf1 Rd1 0-1

[Event "86th YMCA Winter-A"]
[Site "Warszawa"]
[Date "2011.01.06"]
[Round "1"]
[White "Zurkowski, Andrzej"]
[Black "Gasik, Piotr"]
[Result "1/2-1/2"]
[WhiteElo "2138"]
[BlackElo "2106"]
[PlyCount "76"]
[EventDate "2011.01.06"]
[EventType "tourn"]
[EventRounds "1"]
[EventCountry "POL"]
[SourceDate "2011.01.06"]

1. d4 c5 2. d5 e5 3. e4 d6 4. g3 Be7 5. Bg2 f5 6. Nc3 Nf6 7. Qd3 fxe4 8. Nxe4
O-O 9. Ne2 Na6 10. a3 Nc7 11. Nxf6+ gxf6 12. f4 f5 13. fxe5 dxe5 14. O-O e4 15.
Qb3 Qxd5 16. c4 Qc6 17. g4 Be6 18. Bh6 Rf7 19. gxf5 Bxf5 20. Qg3+ Qg6 21. Qxg6+
hxg6 22. Ng3 Bf6 23. Kh1 Re8 24. Nxf5 gxf5 25. Rxf5 Bxb2 26. Rxf7 Kxf7 27. Re1
b5 28. cxb5 Bc3 29. Re2 Nxb5 30. Bxe4 Nd6 31. Rf2+ Ke6 32. Bc6 Rb8 33. Re2+ Kf6
34. Bf4 Rb1+ 35. Kg2 Nf5 36. Bd7 Rb2 37. Kf1 Rb1+ 38. Kg2 Rb2 1/2-1/2

[Event "86th YMCA Winter-A"]
[Site "Warszawa"]
[Date "2011.01.12"]
[Round "1"]
[White "Grochulski, Grzegorz"]
[Black "Jozwik, Jacek"]
[Result "1-0"]
[WhiteElo "2046"]
[BlackElo "2050"]
[PlyCount "45"]
[EventDate "2011.01.06"]
[EventType "tourn"]
[EventRounds "1"]
[EventCountry "POL"]
[SourceDate "2011.01.06"]

1. e4 e6 2. d4 d5 3. Nc3 Nf6 4. Bg5 Be7 5. e5 Nfd7 6. h4 a6 7. Qg4 Bxg5 8. hxg5
c5 9. g6 f5 10. Qf4 h6 11. Nf3 Nc6 12. dxc5 Qc7 13. O-O-O Ndxe5 14. Kb1 Qb8 15.
Nxe5 Nxe5 16. Nxd5 Nxg6 17. Nc7+ Kf7 18. Qd6 b5 19. cxb6 Qb7 20. Nxa8 Qxa8 21.
Be2 Ne7 22. Bf3 Bb7 23. Rhe1 1-0

[Event "86th YMCA Winter-A"]
[Site "Warszawa"]
[Date "2011.01.27"]
[Round "1"]
[White "Alvarado, Carlos"]
[Black "Choroszej, Aleksander"]
[Result "1-0"]
[WhiteElo "2190"]
[BlackElo "2074"]
[PlyCount "65"]
[EventDate "2011.01.06"]
[EventType "tourn"]
[EventRounds "1"]
[EventCountry "POL"]
[SourceDate "2011.01.06"]

1. d4 g6 2. Nf3 Bg7 3. c4 d6 4. Nc3 Nf6 5. g3 O-O 6. Bg2 Nc6 7. O-O Bf5 8. d5
Na5 9. Nd2 c6 10. b4 Nxd5 11. cxd5 Bxc3 12. e4 Bxa1 13. exf5 c5 14. bxa5 Qxa5
15. Qc2 Bg7 16. Ne4 gxf5 17. Ng5 h6 18. Qxf5 hxg5 19. Be4 Rfb8 20. Bxg5 Kf8 21.
Bf3 Qc3 22. Bh5 Bf6 23. Qh7 Ke8 24. Qxf7+ Kd7 25. Rc1 Qb2 26. Qe6+ Kd8 27. Bg4
Kc7 28. Rxc5+ Kb6 29. Be3 Bd4 30. Rc4 Bxe3 31. Qxe3+ Ka5 32. Qe1+ Ka6 33. Ra4+
1-0

[Event "86th YMCA Winter-A"]
[Site "Warszawa"]
[Date "2011.01.06"]
[Round "1"]
[White "Krasiewicz, Robert"]
[Black "Szymczak, Rafal"]
[Result "0-1"]
[WhiteElo "2057"]
[BlackElo "2089"]
[Annotator "Admin"]
[PlyCount "72"]
[EventDate "2011.01.06"]
[EventType "tourn"]
[EventRounds "1"]
[EventCountry "POL"]
[SourceDate "2011.01.06"]

1. e4 c6 2. d4 d5 3. e5 c5 4. Nc3 Nc6 5. Bb5 e6 6. Be3 cxd4 7. Qxd4 Bd7 8. Bxc6
bxc6 9. Na4 Qa5+ 10. c3 Ne7 11. g4 c5 12. Nxc5 Nc6 13. Nb3 Qc7 14. Qd2 $11 Nxe5
15. Bf4 Nd3+ 16. Qxd3 Qxf4 17. Ne2 Qxg4 18. Rg1 Qa4 19. Ned4 Rb8 20. Qe3 Rb6
21. Rg5 Kd8 22. Rg4 Qa6 23. a4 e5 24. a5 Rf6 25. Qxe5 Bd6 26. Qxd5 Bxg4 27.
Qa8+ Qc8 28. Nc6+ Kd7 29. Qxa7+ Kxc6 30. Nd4+ Kd5 31. f3 Re8+ 32. Kf2 Rxf3+ 33.
Kg2 Rd3 34. Qxf7+ Re6 35. a6 Rxd4 36. cxd4 Qc2+ 0-1

[Event "86th YMCA Winter-A"]
[Site "Warszawa"]
[Date "2011.01.14"]
[Round "1"]
[White "Kielar, Maciej"]
[Black "Olejarczyk, Bogdan"]
[Result "1-0"]
[WhiteElo "2101"]
[BlackElo "2104"]
[PlyCount "63"]
[EventDate "2011.01.06"]
[EventType "tourn"]
[EventRounds "1"]
[EventCountry "POL"]
[SourceDate "2011.01.06"]

1. e4 c6 2. d4 d5 3. f3 g6 4. Nc3 Nh6 5. Be3 f6 6. Qd2 Nf7 7. O-O-O Bg7 8. h4
Na6 9. exd5 cxd5 10. Bb5+ Bd7 11. Bxa6 bxa6 12. Nxd5 Nd6 13. Bf4 O-O 14. h5 Be6
15. Nc3 Nc4 16. Qe2 Qb6 17. Na4 Qc6 18. Nc5 Bd5 19. hxg6 e5 20. gxh7+ Kh8 21.
Bh6 Bxh6+ 22. Rxh6 exd4 23. Nb3 a5 24. Nxd4 Qb6 25. b3 Rab8 26. Nf5 Rfe8 27.
Qd3 Re5 28. Nh4 Qb4 29. Qd4 Qa3+ 30. Kb1 Bf7 31. Rxf6 Rd5 32. Rxf7+ 1-0

[Event "86th YMCA Winter-A"]
[Site "Warszawa"]
[Date "2011.01.06"]
[Round "1"]
[White "Nowicki, Bartosz"]
[Black "Kaczorowski, Piotr"]
[Result "1/2-1/2"]
[WhiteElo "2119"]
[BlackElo "2117"]
[PlyCount "91"]
[EventDate "2011.01.06"]
[EventType "tourn"]
[EventRounds "1"]
[EventCountry "POL"]
[SourceDate "2011.01.06"]

1. e4 e6 2. d4 d5 3. Nd2 dxe4 4. Nxe4 Nd7 5. Bd3 Ngf6 6. Qe2 c5 7. Nf3 Nxe4 8.
Qxe4 a6 9. Bg5 Be7 10. Bxe7 Qxe7 11. O-O-O Nf6 12. Qh4 cxd4 13. Rhe1 Bd7 14.
Qxd4 O-O 15. Qh4 h6 16. g4 Qb4 17. Ne5 Bb5 18. h3 Qf4+ 19. Kb1 Rfd8 20. Bxb5
Rxd1+ 21. Rxd1 Qxe5 22. Bd3 Qf4 23. Rg1 Rd8 24. a3 e5 25. Re1 Rd4 26. f3 h5 27.
Qf2 hxg4 28. hxg4 Nxg4 29. Qe2 Nf6 30. Qxe5 Qxe5 31. Rxe5 Kf8 32. b4 Rf4 33.
Rf5 Rxf5 34. Bxf5 Ne8 35. c4 b6 36. Kc2 Ke7 37. Kc3 Kd6 38. Kd4 a5 39. bxa5
bxa5 40. c5+ Kc7 41. Kc4 g6 42. Bd3 Ng7 43. Kb5 Ne6 44. Bc4 Nd4+ 45. Kxa5 Kc6
46. Bxf7 1/2-1/2

[Event "86th YMCA Winter-A"]
[Site "Warszawa"]
[Date "2011.01.19"]
[Round "2"]
[White "Michniewski, Tomasz"]
[Black "Kaczorowski, Piotr"]
[Result "1/2-1/2"]
[WhiteElo "2166"]
[BlackElo "2117"]
[PlyCount "64"]
[EventDate "2011.01.06"]
[EventType "tourn"]
[EventRounds "1"]
[EventCountry "POL"]
[SourceDate "2011.01.06"]

1. d4 d5 2. c4 c6 3. Nf3 Nf6 4. Nc3 dxc4 5. a4 Bf5 6. e3 e6 7. Bxc4 Bb4 8. O-O
O-O 9. Qe2 Nbd7 10. e4 Bg6 11. Bg5 Bxc3 12. bxc3 Bxe4 13. Ne5 Bg6 14. a5 Qc7
15. Nxd7 Nxd7 16. Rfd1 Rfe8 17. h4 h6 18. h5 Bh7 19. Bh4 Qf4 20. Bg3 Qg5 21.
Qf3 Nf6 22. Be2 Be4 23. Qf4 Qxf4 24. Bxf4 b5 25. a6 Nd5 26. Bd2 Nb6 27. Re1 Bd5
28. Bf4 Re7 29. Bd6 Rd7 30. Bc5 Rb8 31. Reb1 Nc4 32. Re1 Rc8 $11 1/2-1/2

[Event "86th YMCA Winter-A"]
[Site "Warszawa"]
[Date "2011.01.13"]
[Round "2"]
[White "Olejarczyk, Bogdan"]
[Black "Nowicki, Bartosz"]
[Result "1-0"]
[WhiteElo "2104"]
[BlackElo "2119"]
[PlyCount "85"]
[EventDate "2011.01.06"]
[EventType "tourn"]
[EventRounds "1"]
[EventCountry "POL"]
[SourceDate "2011.01.06"]

1. d4 f5 2. g3 Nf6 3. Bg2 e6 4. c4 c6 5. Nh3 Be7 6. O-O O-O 7. Nd2 d6 8. Qb3
Kh8 9. Nf3 Qc7 10. Bf4 Nh5 11. c5 Nxf4 12. Nxf4 d5 13. Nd3 Bf6 14. Qc3 Bd7 15.
Nfe5 Be8 16. b4 Bh5 17. Nf4 Bxe5 18. dxe5 Qf7 19. h4 h6 20. Qd2 Nd7 21. Nd3 Qe7
22. f4 Rg8 23. Kf2 a5 24. a3 b6 25. Rfc1 axb4 26. Qxb4 bxc5 27. Nxc5 Rgb8 28.
Qd4 Ra5 29. Nxd7 Qxd7 30. Rc3 Kh7 31. Rac1 Rc8 32. e3 Qb7 33. Qb4 Qa6 34. Bf1
Qa7 35. Qd6 Bf7 36. g4 fxg4 37. Bd3+ Kh8 38. Rxc6 Rg8 39. Rc7 g3+ 40. Ke2 Bh5+
41. Kd2 Qb8 42. Qxe6 Rxa3 43. Qxh6+ 1-0

[Event "86th YMCA Winter-A"]
[Site "Warszawa"]
[Date "2011.01.13"]
[Round "2"]
[White "Szymczak, Rafal"]
[Black "Kielar, Maciej"]
[Result "0-1"]
[WhiteElo "2089"]
[BlackElo "2101"]
[PlyCount "68"]
[EventDate "2011.01.06"]
[EventType "tourn"]
[EventRounds "1"]
[EventCountry "POL"]
[SourceDate "2011.01.06"]

1. f4 d5 2. Nf3 c5 3. g3 Nc6 4. Bg2 g6 5. O-O Bg7 6. d3 Nh6 7. Nc3 d4 8. Ne4
Qb6 9. Nfd2 Na5 10. Nb3 Nxb3 11. axb3 $11 Nf5 12. Qe1 Qc7 13. c3 Bd7 14. g4 Nh6
15. h3 f5 16. g5 Nf7 17. Ng3 Bc6 18. e4 dxe3 19. Bxc6+ Qxc6 20. Qxe3 O-O 21.
Qf3 Qc7 22. h4 b6 23. Be3 Rad8 24. Rad1 e5 25. Kg2 Rfe8 26. fxe5 Nxe5 27. Bf4
Qf7 28. Bxe5 Bxe5 29. Rd2 Qxb3 30. c4 Qa4 31. h5 Qd7 32. hxg6 hxg6 33. Rh1 Qe7
34. Re2 Qxg5 0-1

[Event "86th YMCA Winter-A"]
[Site "Warszawa"]
[Date "2011.01.11"]
[Round "2"]
[White "Choroszej, Aleksander"]
[Black "Krasiewicz, Robert"]
[Result "0-1"]
[WhiteElo "2074"]
[BlackElo "2057"]
[PlyCount "80"]
[EventDate "2011.01.06"]
[EventType "tourn"]
[EventRounds "1"]
[EventCountry "POL"]
[SourceDate "2011.01.06"]

1. d4 d5 2. c4 c6 3. Nc3 Nf6 4. e3 e6 5. Nf3 Nbd7 6. Qc2 Bd6 7. b3 O-O 8. Bd3
b6 9. O-O Bb7 10. Bb2 Rc8 11. e4 dxe4 12. Nxe4 Nxe4 13. Bxe4 h6 14. Ne5 f5 15.
Bf3 Bxe5 16. dxe5 Qc7 17. Rfe1 Rfd8 18. Rad1 Nf8 19. Qc3 Rxd1 20. Rxd1 c5 21.
Rd6 Bxf3 22. Qxf3 Rd8 23. Qd3 Rd7 24. a3 Qd8 25. b4 Rxd6 26. exd6 Nd7 27. Qf3
Qc8 28. b5 Qf8 29. Qb7 Qxd6 30. g3 e5 31. Qxa7 Qd2 32. Kg2 e4 33. Qa8+ Kf7 34.
Qc6 e3 35. Qd5+ Ke7 36. Bxg7 Qxf2+ 37. Kh3 e2 38. Bc3 e1=Q 39. Bxe1 Qxe1 40.
Qxf5 Qe6 0-1

[Event "86th YMCA Winter-A"]
[Site "Warszawa"]
[Date "2011.01.14"]
[Round "2"]
[White "Jozwik, Jacek"]
[Black "Alvarado, Carlos"]
[Result "1/2-1/2"]
[WhiteElo "2050"]
[BlackElo "2190"]
[PlyCount "46"]
[EventDate "2011.01.06"]
[EventType "tourn"]
[EventRounds "1"]
[EventCountry "POL"]
[SourceDate "2011.01.06"]

1. d4 d5 2. c4 e6 3. Nc3 Nf6 4. Nf3 Bb4 5. Bg5 h6 6. Bxf6 Qxf6 7. e3 O-O 8. Rc1
c5 9. dxc5 dxc4 10. Bxc4 Bxc5 11. O-O Qe7 12. Ne4 Bb6 13. a3 Rd8 14. Qc2 Nc6
15. Rfd1 Bd7 16. Nd6 Be8 17. Nxe8 Rxd1+ 18. Rxd1 Rxe8 19. Bb5 Qc7 20. Bxc6 Rc8
21. Rc1 Qd6 22. Qa4 Rxc6 23. Rxc6 bxc6 1/2-1/2

[Event "86th YMCA Winter-A"]
[Site "Warszawa"]
[Date "2011.01.13"]
[Round "2"]
[White "Gasik, Piotr"]
[Black "Grochulski, Grzegorz"]
[Result "0-1"]
[WhiteElo "2106"]
[BlackElo "2046"]
[PlyCount "136"]
[EventDate "2011.01.06"]
[EventType "tourn"]
[EventRounds "1"]
[EventCountry "POL"]
[SourceDate "2011.01.06"]

1. c4 e5 2. Nc3 Nf6 3. Nf3 Nc6 4. d4 exd4 5. Nxd4 Bb4 6. g3 Ne4 7. Qd3 Nc5 8.
Qe3+ Ne6 9. Nc2 O-O 10. Bg2 Bc5 11. Qd2 Ne5 12. b3 c6 13. O-O f5 14. Bb2 Ng4
15. e3 Bb6 16. Rad1 Bc7 17. Ba3 Re8 18. Qd3 Qf6 19. f4 d6 20. h3 Nh6 21. Kh2
Nc5 22. Bxc5 dxc5 23. e4 Be6 24. e5 Qe7 25. Qe3 Red8 26. Na4 Bb6 27. Bf3 Rxd1
28. Rxd1 Rd8 29. Rd3 Nf7 30. Ne1 Rd4 31. Nc2 Rxd3 32. Qxd3 Bc8 33. Ne3 g6 34.
Kg2 Nd8 35. h4 Ne6 36. Nc2 Qxh4 37. Qd6 Qd8 38. Qxd8+ Bxd8 39. Ne1 h6 40. Nd3
Be7 41. Kf2 g5 42. Ke3 g4 43. Bg2 h5 44. Nc3 h4 45. gxh4 Bxh4 46. Na4 Be7 47.
Bf1 Kf7 48. Nf2 Ng7 49. Nd3 Ne6 50. Nf2 Nd4 51. Nd3 b6 52. Bg2 Kg6 53. Nc3 Bd7
54. Ne2 Ne6 55. Ng3 Ng7 56. Nf2 Bh4 57. Nfh1 Ne8 58. Bf1 Nc7 59. Bd3 Be6 60.
Ne2 Ne8 61. Nf2 Kh5 62. Nh1 Ng7 63. Nhg3+ Kg6 64. Kf2 Nh5 65. Bc2 Bxg3+ 66.
Nxg3 Nxf4 67. Ke3 Kg5 68. Kf2 Ng6 0-1

[Event "86th YMCA Winter-A"]
[Site "Warszawa"]
[Date "2011.01.18"]
[Round "2"]
[White "Kasperkiewicz, Pawel"]
[Black "Zurkowski, Andrzej"]
[Result "1/2-1/2"]
[WhiteElo "2128"]
[BlackElo "2138"]
[PlyCount "95"]
[EventDate "2011.01.06"]
[EventType "tourn"]
[EventRounds "1"]
[EventCountry "POL"]
[SourceDate "2011.01.06"]

1. e4 d5 2. exd5 Qxd5 3. Nc3 Qd6 4. d4 Nf6 5. Nf3 Bg4 6. h3 Bxf3 7. Qxf3 c6 8.
Be3 e6 9. g4 Qb4 10. O-O-O Nbd7 11. h4 Nb6 12. a3 Qe7 13. g5 Nfd5 14. Ne4 O-O-O
15. Bd2 Qd7 16. c4 Nc7 17. Ba5 Nba8 18. Bh3 b6 19. Bc3 b5 20. Nc5 Qe8 21. cxb5
Nxb5 22. Bg2 Nac7 23. Qxc6 Qxc6 24. Bxc6 e5 25. Nb3 Nxc3 26. bxc3 Bxa3+ 27. Kc2
exd4 28. Rxd4 Rxd4 29. cxd4 Bb4 30. Ra1 a6 31. Kd3 Rd8 32. Kc4 Be7 33. Be4 h6
34. Nc5 Bxc5 35. dxc5 hxg5 36. hxg5 Re8 37. Bf5+ Kb7 38. Rb1+ Ka7 39. c6 Nb5
40. Bd7 Re7 41. Rh1 Kb6 42. Rh7 g6 43. Rh8 Kc7 44. Ra8 Kb6 45. Rb8+ Kc7 46. Ra8
Kb6 47. Rb8+ Kc7 48. Ra8 $11 1/2-1/2

[Event "86th YMCA Winter-A"]
[Site "Warszawa"]
[Date "2011.01.26"]
[Round "3"]
[White "Zurkowski, Andrzej"]
[Black "Michniewski, Tomasz"]
[Result "0-1"]
[WhiteElo "2138"]
[BlackElo "2166"]
[Annotator "M"]
[PlyCount "108"]
[EventDate "2011.01.06"]
[EventType "tourn"]
[EventRounds "1"]
[EventCountry "POL"]
[SourceDate "2011.01.06"]

1. d4 Nf6 2. Nf3 g6 3. g3 Bg7 4. Bg2 O-O 5. O-O c5 6. d5 d6 7. c4 Bf5 8. Nh4
Bd7 9. h3 b5 10. cxb5 Bxb5 11. Nc3 Ba6 12. Re1 Nbd7 13. e4 Rb8 14. Kh2 Ne5 15.
Qc2 Nfd7 16. Rd1 Qa5 17. Rb1 Nc4 18. Bd2 Nxd2 19. Qxd2 Ne5 20. b3 Nc4 21. bxc4
Bxc3 22. Qe2 Rb4 23. Rxb4 cxb4 24. Qg4 Qxa2 25. Nf5 Bf6 26. e5 Bxe5 27. Nxe7+
Kh8 28. Nc6 Bg7 29. Nxb4 Qxc4 30. Nxa6 Qxa6 31. Qd7 Qe2 32. Rc1 Qxf2 33. Qxd6
Kg8 34. Qe7 Bf6 35. Qe4 Rd8 36. Rf1 $11 Qb6 37. Rc1 Qb8 38. Rb1 Qc7 39. Re1 h5
40. h4 Kg7 41. Re2 Rd7 42. Rc2 Qb8 43. Qa4 Re7 44. Qc6 Be5 45. Qc8 Bxg3+ 46.
Kh3 Qxc8+ 47. Rxc8 Re3 48. Bf1 Be1+ 49. Kg2 Bxh4 50. d6 Rg3+ 51. Kh1 Rg4 52.
Bc4 f5 53. d7 Rd4 54. Rg8+ Kh7 0-1

[Event "86th YMCA Winter-A"]
[Site "Warszawa"]
[Date "2011.01.19"]
[Round "3"]
[White "Grochulski, Grzegorz"]
[Black "Kasperkiewicz, Pawel"]
[Result "1/2-1/2"]
[WhiteElo "2046"]
[BlackElo "2128"]
[PlyCount "77"]
[EventDate "2011.01.06"]
[EventType "tourn"]
[EventRounds "1"]
[EventCountry "POL"]
[SourceDate "2011.01.06"]

1. d4 d5 2. c4 e6 3. Nc3 Nf6 4. Nf3 Be7 5. g3 O-O 6. Bg2 dxc4 7. Qa4 a6 8. Qxc4
b5 9. Qd3 Bb7 10. O-O Nbd7 11. Bf4 c5 12. Rfd1 Qb6 13. Ne5 Rfd8 14. Bxb7 Qxb7
15. Qf3 Qxf3 16. Nxf3 Rac8 17. dxc5 Nxc5 18. Rxd8+ Rxd8 19. Rd1 Rxd1+ 20. Nxd1
Nd5 21. Bg5 f6 22. Bd2 e5 23. Ne1 Kf7 24. Nc2 Ne4 25. Be1 Bc5 26. Kf1 f5 27. f3
Nd6 28. Bf2 Bxf2 29. Kxf2 Ke6 30. Nce3 Nb4 31. a3 Nc6 32. Nf1 Nc4 33. Ke1 g6
34. Nd2 Nd6 35. Nb3 Nb7 36. Kd2 Nca5 37. Nxa5 Nxa5 38. Kc3 Nc6 39. Kd3 $11
1/2-1/2

[Event "86th YMCA Winter-A"]
[Site "Warszawa"]
[Date "2011.01.21"]
[Round "3"]
[White "Alvarado, Carlos"]
[Black "Gasik, Piotr"]
[Result "1/2-1/2"]
[WhiteElo "2190"]
[BlackElo "2106"]
[PlyCount "158"]
[EventDate "2011.01.06"]
[EventType "tourn"]
[EventRounds "1"]
[EventCountry "POL"]
[SourceDate "2011.01.06"]

1. d4 f5 2. Nf3 Nf6 3. g3 g6 4. Bg2 Bg7 5. O-O O-O 6. b3 d6 7. Bb2 c6 8. c4 e5
9. dxe5 Ng4 10. h3 Nxe5 11. Nxe5 dxe5 12. Nc3 Na6 13. Qc2 Nb4 14. Qc1 Be6 15.
Na4 Qe7 16. Bc3 Rad8 17. Qe3 Nc2 18. Qc5 Qxc5 19. Nxc5 Bc8 20. Rad1 Nd4 21.
Bxd4 exd4 22. Nd3 Rfe8 23. Rd2 Re7 24. f4 Rde8 25. Kf2 a5 26. Rc2 Bf6 27. h4 h6
28. Bf3 Rg7 29. Rh1 Ree7 30. Rcc1 Be6 31. Ke1 Bf7 32. Kd2 Be8 33. a3 g5 34.
hxg5 hxg5 35. Rh6 Rg6 36. Rch1 g4 37. Rxg6+ Bxg6 38. Bg2 Re3 39. Rg1 Be8 40.
Ke1 Be7 41. a4 Kg7 42. Kf2 Bd6 43. Rd1 b6 44. Rh1 b5 45. axb5 cxb5 46. c5 Bc7
47. Bd5 b4 48. Rd1 Bb5 49. Rd2 Kf6 50. Rd1 Bd8 51. Rd2 Bc7 52. Rd1 Bb8 53. Ra1
Bc7 54. Rd1 Ke7 55. Rh1 Kf6 56. Rh7 Re7 57. Rh6+ Kg7 58. Re6 Rxe6 59. Bxe6 Kf6
60. Bd5 Bb8 61. Ke1 Ba7 62. Kd2 Ke7 63. Bg8 Bxd3 64. exd3 Bxc5 65. Bc4 Kd6 66.
Bb5 Bb6 67. Ke2 Kc5 68. Bd7 Kd6 69. Bxf5 a4 70. bxa4 b3 71. Kd2 Ba5+ 72. Kc1
Be1 73. Bxg4 Bxg3 74. f5 Kc5 75. Kb2 Kb4 76. a5 Kxa5 77. Kxb3 Kb5 78. Bh5 Bh4
79. Bf7 Kc5 1/2-1/2

[Event "86th YMCA Winter-A"]
[Site "Warszawa"]
[Date "2011.01.20"]
[Round "3"]
[White "Krasiewicz, Robert"]
[Black "Jozwik, Jacek"]
[Result "1-0"]
[WhiteElo "2057"]
[BlackElo "2050"]
[PlyCount "71"]
[EventDate "2011.01.06"]
[EventType "tourn"]
[EventRounds "1"]
[EventCountry "POL"]
[SourceDate "2011.01.06"]

1. d4 d6 2. Nf3 g6 3. g3 Bg7 4. Bg2 e5 5. Bg5 f6 6. Be3 e4 7. Nfd2 d5 8. c4 c6
9. h4 Ne7 10. Na3 Be6 11. Qb3 Qd7 12. c5 Nf5 13. Nc2 Na6 14. Qc3 b5 15. Bf4 g5
16. hxg5 fxg5 17. Be5 Nc7 18. Bxg7 Qxg7 19. Nb3 g4 20. Na5 Bd7 21. O-O-O h5 22.
Rh2 Ne6 23. Kb1 e3 24. Nxe3 Nfxd4 25. Nb7 Rf8 26. Nd6+ Ke7 27. Bxd5 Nxe2 28.
Nef5+ Rxf5 29. Nxf5+ Kf8 30. Qe3 Qg6 31. Be4 Ng5 32. Rxd7 Re8 33. Ne7 Qxe4+ 34.
Qxe4 Nxe4 35. Ng6+ Kg8 36. Rxh5 1-0

[Event "86th YMCA Winter-A"]
[Site "Warszawa"]
[Date "2011.01.18"]
[Round "3"]
[White "Kielar, Maciej"]
[Black "Choroszej, Aleksander"]
[Result "0-1"]
[WhiteElo "2101"]
[BlackElo "2074"]
[PlyCount "72"]
[EventDate "2011.01.06"]
[EventType "tourn"]
[EventRounds "1"]
[EventCountry "POL"]
[SourceDate "2011.01.06"]

1. e4 g6 2. d4 Bg7 3. Nc3 d6 4. Be3 a6 5. Qd2 Nd7 6. O-O-O b5 7. f4 Bb7 8. d5
Ngf6 9. Nf3 b4 10. Na4 c5 11. Qd3 Qa5 12. b3 Nb6 13. Nxb6 Qxb6 14. Nd2 O-O 15.
Be2 a5 16. Nc4 Qc7 17. Kb1 a4 18. Bc1 axb3 19. cxb3 e6 20. Bf3 exd5 21. exd5
Bc8 22. Ne3 Qa5 23. Rd2 Re8 24. Re1 c4 25. bxc4 b3 26. Ree2 Rxe3 27. Rxe3 bxa2+
28. Ka1 Bf5 29. Qe2 Ng4+ 30. Bb2 Nxe3 31. Qxe3 Rb8 32. Qe2 Qa3 33. Qf2 Bd3 34.
h3 Bc3 35. Bd1 Qb4 36. Kxa2 Ra8+ 0-1

[Event "86th YMCA Winter-A"]
[Site "Warszawa"]
[Date "2011.02.01"]
[Round "3"]
[White "Nowicki, Bartosz"]
[Black "Szymczak, Rafal"]
[Result "1/2-1/2"]
[WhiteElo "2119"]
[BlackElo "2089"]
[Annotator "M"]
[PlyCount "48"]
[EventDate "2011.01.06"]
[EventType "tourn"]
[EventRounds "1"]
[EventCountry "POL"]
[SourceDate "2011.01.06"]

1. e4 c6 2. d4 d5 3. e5 c5 4. dxc5 Nc6 5. Nf3 Bg4 6. Bf4 e6 7. Nbd2 Bxc5 8. Nb3
Bb6 9. Bd3 Nge7 10. Qe2 Qc7 11. O-O-O Ng6 12. Bg3 O-O-O 13. Rhe1 Kb8 14. h3
Bxf3 15. gxf3 Nb4 16. Kb1 Ka8 $11 17. f4 Ne7 18. Bh4 Rc8 19. Bxe7 Qxe7 20. Qf3
Nxd3 21. Rxd3 g6 22. Nd4 $11 Qb4 23. Red1 Bxd4 24. Rxd4 Qc5 $11 1/2-1/2

[Event "86th YMCA Winter-A"]
[Site "Warszawa"]
[Date "2011.01.12"]
[Round "3"]
[White "Kaczorowski, Piotr"]
[Black "Olejarczyk, Bogdan"]
[Result "1/2-1/2"]
[WhiteElo "2117"]
[BlackElo "2104"]
[PlyCount "76"]
[EventDate "2011.01.06"]
[EventType "tourn"]
[EventRounds "1"]
[EventCountry "POL"]
[SourceDate "2011.01.06"]

1. d4 d5 2. c4 c6 3. cxd5 cxd5 4. Nc3 Nf6 5. Nf3 Nc6 6. Bf4 Nh5 7. Bg3 g6 8. e3
Bg7 9. Qb3 Nxg3 10. hxg3 e6 11. Rc1 O-O 12. Bd3 e5 13. dxe5 d4 14. exd4 Nxd4
15. Qd5 Nxf3+ 16. Qxf3 Bg4 17. Qxg4 Qxd3 18. Qe2 Qxe2+ 19. Kxe2 Bxe5 20. Rhd1
Rfd8 21. Nd5 h5 22. b3 Kf8 23. Ne3 Rxd1 24. Rxd1 Ke7 25. g4 hxg4 26. Nxg4 Bd6
27. Ne3 Rc8 28. g4 Ke6 29. Rd2 Bf4 30. Rc2 Rxc2+ 31. Nxc2 Kd5 32. Kd3 a6 33. f3
Bc7 34. a4 Bf4 35. Nb4+ Kc5 36. Nc2 Kd5 37. Nb4+ Kc5 38. Nc2 Kd5 1/2-1/2

[Event "86th YMCA Winter-A"]
[Site "Warszawa"]
[Date "2011.01.27"]
[Round "4"]
[White "Michniewski, Tomasz"]
[Black "Olejarczyk, Bogdan"]
[Result "1/2-1/2"]
[WhiteElo "2166"]
[BlackElo "2104"]
[PlyCount "103"]
[EventDate "2011.01.06"]
[EventType "tourn"]
[EventRounds "1"]
[EventCountry "POL"]
[SourceDate "2011.01.06"]

1. e4 c6 2. d4 d5 3. f3 g6 4. e5 h5 5. Bd3 Na6 6. c3 Nh6 7. Ne2 Nc7 8. O-O Bf5
9. Na3 Qd7 10. Nc2 Bxd3 11. Qxd3 Qf5 12. Qd1 Qd7 13. Bxh6 Bxh6 14. f4 O-O-O 15.
Qd3 e6 16. b4 Bf8 17. a4 Kb8 18. Nc1 Rc8 19. Nb3 Na8 20. Nc5 Bxc5 21. bxc5 Kc7
22. Rfb1 Kd8 23. Rb2 Ke7 24. Qg3 Kf8 25. Qg5 Kg7 26. Re1 Rc7 27. Ne3 Qe7 28.
Qg3 Kh7 29. Qh3 b6 30. cxb6 axb6 31. Ng4 Kg7 32. Nf6 Qa3 33. Rf2 c5 34. f5 cxd4
35. fxe6 Rxc3 36. Ne8+ Rxe8 37. exf7 Rf8 38. Qe6 Rc1 39. Qf6+ Kh7 40. Rff1 Rc7
41. e6 Re7 42. Qg5 Qb4 43. g4 hxg4 44. Qh4+ Kg7 45. Qf6+ Kh7 46. Qh4+ Kg7 47.
Qf6+ Kh7 48. Re5 Nc7 49. Qh4+ Kg7 50. Qf6+ Kh7 51. Qh4+ Kg7 52. Qf6+ 1/2-1/2

[Event "86th YMCA Winter-A"]
[Site "Warszawa"]
[Date "2011.01.26"]
[Round "4"]
[White "Szymczak, Rafal"]
[Black "Kaczorowski, Piotr"]
[Result "0-1"]
[WhiteElo "2089"]
[BlackElo "2117"]
[PlyCount "64"]
[EventDate "2011.01.06"]
[EventType "tourn"]
[EventRounds "1"]
[EventCountry "POL"]
[SourceDate "2011.01.06"]

1. f4 f5 2. g3 Nf6 3. Bg2 g6 4. d3 Bg7 5. e4 fxe4 6. dxe4 O-O 7. Nf3 c6 8. e5
Ng4 9. h3 Nh6 10. O-O d6 11. exd6 exd6 12. c3 Na6 13. Be3 Nf5 14. Bf2 Nc7 15.
g4 Ne7 16. Bg3 Ncd5 17. Qb3 Kh8 18. Ng5 h6 19. Ne4 Ne3 20. Rf2 d5 21. Ned2 h5
22. gxh5 N7f5 23. Bh2 gxh5 24. Nf3 Nh4 25. Nxh4 Qxh4 26. Nd2 Bxh3 27. Bxh3 Qxh3
28. Qxb7 Rab8 29. Qxa7 Rxb2 30. Re1 Rg8 31. Rxe3 Bd4+ 32. Kh1 Bxe3 0-1

[Event "86th YMCA Winter-A"]
[Site "Warszawa"]
[Date "2011.01.27"]
[Round "4"]
[White "Jozwik, Jacek"]
[Black "Kielar, Maciej"]
[Result "1-0"]
[WhiteElo "2050"]
[BlackElo "2101"]
[PlyCount "75"]
[EventDate "2011.01.06"]
[EventType "tourn"]
[EventRounds "1"]
[EventCountry "POL"]
[SourceDate "2011.01.06"]

1. d4 Nf6 2. Nf3 g6 3. Bg5 Bg7 4. Nbd2 c5 5. e3 O-O 6. Bd3 b6 7. O-O Bb7 8. c3
d5 9. a3 Nbd7 10. Re1 Ne4 11. Bf4 f6 12. Nxe4 dxe4 13. Bc4+ Kh8 14. Nd2 f5 15.
Be6 cxd4 16. cxd4 Rf6 17. Bxd7 Qxd7 18. Nc4 Rc6 19. Ne5 Bxe5 20. Bxe5+ Kg8 21.
Qb3+ e6 22. Rec1 Rac8 23. Rxc6 Bxc6 24. h3 Kf7 25. a4 Bd5 26. Qa3 b5 27. Bd6
Rc4 28. Bb4 a6 29. b3 Rc2 30. Rc1 Rxc1+ 31. Qxc1 Qc6 32. Qe1 Qc2 33. Bd6 Qxb3
34. f4 exf3 35. Qh4 Qxe3+ 36. Kh2 Kg8 37. Qd8+ Kg7 38. Qf8# 1-0